| 000 | 00832nam a22002774i 4500 | ||
|---|---|---|---|
| 999 |
_c7970 _d7970 |
||
| 001 | 991061211109906706 | ||
| 003 | OSt | ||
| 005 | 20241119130233.0 | ||
| 008 | 241104e202410 spc|||||||||||||| ||spa|c | ||
| 017 |
_aDL.B.16301-2024 _bBiblioteca de Catalunya |
||
| 020 | _a9788411660488 | ||
| 040 |
_aES-BaUOC _bcat _erda _cCDMR |
||
| 100 | 1 | _aSánchez González, María, | |
| 245 | 1 | 0 |
_aInfografía y visualización para no diseñadores / _cMaría Sánchez González |
| 264 | 1 |
_aBarcelona : _bEditorial UOC, _c2024 |
|
| 300 |
_a106 pàgines ; _c24 cm |
||
| 490 | 1 |
_aEPI scholar ; _v16 |
|
| 504 | _aBibliografia | ||
| 650 | 0 |
_aInfografia _2lemac _94608 |
|
| 650 | 7 |
_aVisualització de la informació. _2lemac |
|
| 650 | 0 |
_aComunicació visual _93737 |
|
| 830 | 0 | _aEPI scholar | |
| 908 | _aUOC | ||
| 940 | _aUOC | ||
| 942 |
_2udc _cMON |
||